[Event "Moscow Aeroflot op"]
[Site "Moscow"]
[Date "2002.02.06"]
[Round "3"]
[White "Inarkiev, Ernesto"]
[Black "Janssen, Ruud"]
[Result "1-0"]
[WhiteElo "2500"]
[BlackElo "2476"]
[Annotator "Ftacnik,L"]
[PlyCount "83"]
[EventDate "2002.02.04"]
[EventType "swiss"]
[EventRounds "9"]
[EventCountry "RUS"]
[SourceTitle "CBM 088"]
[Source "ChessBase"]
[SourceDate "2002.03.21"]
[SourceVersion "1"]
[SourceVersionDate "2002.03.21"]
[SourceQuality "1"]

1. e4 c5 2. Nf3 d6 3. d4 cxd4 4. Nxd4 Nf6 5. Nc3 a6 6. Be3 e6 7. f3 b5 8. g4 h6
9. Qd2 Nbd7 10. O-O-O Bb7 11. h4 b4 12. Na4 Qa5 13. b3 Be7 (13... Nc5 14. a3)
14. Bh3 (14. Bd3 Nc5 15. g5 Nfd7 16. g6 Ne5 17. gxf7+ Kxf7 18. Be2 Nxa4 19.
bxa4 Rac8 20. Rhg1 Bf6 {0-1 Korneev,O-Galkin,A/Novgorod 1997/ (38)}) (14. Kb1
d5 (14... Nc5 15. Nxc5 (15. a3 Nxa4 16. axb4 Qc7 17. bxa4 d5 18. e5 Nd7 19. f4
Nb6 20. Rh3 Nxa4 21. Bf2 Rc8 22. Be1 Nb6 23. f5 Qd7 {0-1 Costantini,R-Arlandi,
E/Montecatini Terme 2001/ (38)}) 15... dxc5 16. Ne2 Rd8 (16... Qc7 17. Bg2 Nd7
18. g5 hxg5 19. hxg5 Rxh1 20. Rxh1 O-O-O 21. Qe1 a5 22. Rh7 {1-0 Nijboer,
F-Janssen,R/Rotterdam 2000/ (39)}) 17. Qc1 Nd7 (17... Rxd1 18. Qxd1 c4 19. Qd4
cxb3 20. cxb3 Nxe4 21. Bg2 Bf6 22. Qa7 Qb5 23. fxe4 Qd3+ 24. Kc1 O-O {0-1 Von
Bahr,O-Eriksson,J/Stockholm 2000/ (24)}) 18. Ng3 Ne5 19. Be2 Rxd1 20. Qxd1 Qc7
21. Bf4 Bd6 22. Nh5 g6 23. Nf6+ Ke7 24. g5 h5 {1/2-1/2 Kasparov,G-Van Wely,L/
Internet 2000/ (38)}) (14... Rb8 15. Bh3 g5 16. Bg2 Rg8 17. hxg5 hxg5 18. Bf2
Ne5 19. Bg3 Nfd7 20. Rh7 Qc7 21. Rdh1 Ng6 22. Nxe6 fxe6 23. Rxe7+ Nxe7 24. Bxd6
Qc6 25. Rh7 Nc8 26. Bxb8 Nxb8 27. Qxb4 {1-0 Perez,R-Leyva,R/Las Tunas 2001/ 
(34)}) 15. Bh3 dxe4 16. g5 hxg5 17. hxg5 Nd5 18. g6 O-O-O 19. fxe4 Nc3+ 20.
Nxc3 bxc3 21. Qe2 Nc5 22. gxf7 Rxh3 23. Rxh3 Bxe4 24. Bc1 e5 25. Ne6 Rxd1 26.
Rh8+ Kd7 27. f8=Q {1-0 Korneev,O-Herrera,I/Malaga 1999/ (27)}) (14. Rh2 Ne5 15.
g5 Nfd7 16. f4 Ng4 17. Re2 Nc5 18. Nxe6 Nxa4 19. Nxg7+ Kf8 20. bxa4 Nxe3 21.
Rxe3 Kxg7 22. Qd4+ Kg8 23. e5 d5 24. e6 {1-0 Vorobiov,E-Yashtylov,A/St
Petersburg 1999/ (35)}) (14. Bg2 Nc5 15. a3 Rc8 16. Qxb4 Qc7 17. Kb1 Nfd7 18.
Nb2 d5 19. exd5 Ne4 20. Qxe7+ Kxe7 21. fxe4 Rhd8 22. g5 {1-0 Alekseev,E-Saulin,
D/Tula 2001/ (41)}) 14... g5 (14... Nc5 15. g5 (15. a3 Nxa4 16. axb4 Qc7 17.
bxa4 Nd7 18. g5 Ne5 19. f4 Nc4 20. Qd3 d5 21. g6 Bxb4 22. gxf7+ Ke7 23. Nxe6
Qa5 24. Bd4 {1-0 Sunjaikin,B-Jashnev,D/Cherepovets 2001/ (30)}) 15... Nxa4 16.
bxa4 Nd7 17. g6 Nc5 18. Nb3 Qxa4 19. gxf7+ Kxf7 20. Bxc5 dxc5 21. Qf4+ Bf6 22.
Bxe6+ Kf8 23. e5 {1-0 Kunte,A-Sundararajan,K/Mumbai 2000/ (23)}) 15. a3 {
Both sides are looking for best ways to fight in a position, that may grow to
a serious alternative to 13...Nc5 line.} (15. hxg5 hxg5 16. Bxg5 $4 Nxe4 $1 $19
) 15... d5 16. hxg5 hxg5 17. e5 Nxe5 (17... Nh7 $5 18. f4 gxf4 19. Bxf4 Nhf8
$13) 18. Bxg5 Nc4 $2 (18... Ned7 19. Bg2 Rg8 20. Bh4 $13) 19. axb4 $1 Qxa4 (
19... Bxb4 20. Qe2 Ng8 21. Nxe6 $1 fxe6 22. Qxe6+ Ne7 23. Bg2 $18) (19... Nxd2
20. bxa5 e5 21. Bxd2 exd4 22. g5 $18) 20. bxa4 Nxd2 21. Bxd2 {The consequences
of the 18...Nc4? move are rather dire, black is pawn down for no obvious
compensation.} Nd7 (21... Nh7 22. Bf1 Bf6 23. Nb3 $16) 22. g5 Rg8 23. Rhg1 Ne5
(23... Rh8 24. Bf1 $16) 24. f4 Nc6 (24... Nc4 25. g6 Rxg6 26. Rxg6 fxg6 27.
Nxe6 $16) 25. Nxe6 $5 (25. Nxc6 Bxc6 26. a5 Rb8 27. g6 (27. c3 d4 $132) 27...
Rxg6 28. Rxg6 fxg6 29. Bxe6 Bxb4 $14) 25... fxe6 26. Bxe6 Rf8 27. Bxd5 O-O-O (
27... Rb8 28. Be4 $1 Rg8 (28... Bxb4 29. Bg6+ Ke7 30. Bxb4+ Nxb4 31. Rge1+ $18)
29. c3 $18) 28. Be6+ Kb8 29. c3 {[%mdl 1024] The sheer number of pawns for the
piece (4) is less important than the fact, that they are excellently
coordinated with white pieces.} Rd6 (29... Bc8 30. Bxc8 Kxc8 31. g6 $18) 30.
Rde1 Rfd8 31. Re2 Nxb4 $5 (31... Bc8 32. Bxc8 Kxc8 33. g6 $18) 32. cxb4 Bf3 33.
Re3 (33. Rf2 Rc6+ $1 34. Kb2 Rxe6 $16) 33... Rxd2 {Black has managed to
generate counterplay in a very difficult position, white should be able to
defend and win.} (33... Rc6+ $5 34. Bc3 (34. Kb1 Rxd2 35. Bf7 (35. Bb3 Bxb4 36.
Rxf3 Bc3 $132) 35... Bf6 36. gxf6 Rxf6 $16) 34... Bxb4 35. Kb2 Bxc3+ (35... Bc5
36. Be5+ Ka7 37. Rxf3 Bxg1 38. f5 $18) 36. Rxc3 Rd2+ 37. Kb3 Bd1+ 38. Rxd1 Rb6+
39. Ka3 Rxd1 40. f5 $18) 34. Rxf3 Re2 (34... Bxb4 35. f5 $18) 35. f5 Rdd2 36.
f6 Rc2+ (36... Rxe6 37. Kxd2 $18) 37. Kb1 Rb2+ 38. Ka1 Bxb4 39. f7 Bf8 40. g6
Rbd2 (40... Bg7 41. f8=Q+ $18) (40... Rg2 41. Rg3 Rxg3 42. Rxg3 Rf2 43. g7 $18)
41. Rb3+ Kc7 42. g7 1-0

[Event "EU-ch 4th"]
[Site "Istanbul"]
[Date "2003.06.03"]
[Round "5"]
[White "Kulaots, Kaido"]
[Black "Hracek, Zbynek"]
[Result "1-0"]
[WhiteElo "2514"]
[BlackElo "2584"]
[Annotator "Ftacnik,L"]
[PlyCount "59"]
[EventDate "2003.05.30"]
[EventType "swiss"]
[EventRounds "13"]
[EventCountry "TUR"]
[SourceTitle "CBM 096"]
[Source "ChessBase"]
[SourceDate "2003.09.25"]
[SourceVersion "1"]
[SourceVersionDate "2003.09.25"]
[SourceQuality "1"]

1. e4 c5 2. Nf3 e6 3. d4 cxd4 4. Nxd4 Nf6 5. Nc3 d6 6. Be3 a6 7. f3 b5 8. g4 h6
9. Qd2 Nbd7 10. O-O-O Bb7 11. h4 b4 12. Na4 Qa5 13. b3 Nc5 14. a3 Nxa4 15. axb4
Qc7 16. bxa4 Nd7 17. a5 d5 18. Bf4 e5 19. Bg3 dxe4 20. Nf5 (20. fxe4 Bxe4 21.
Bg2 Bxg2 22. Qxg2 Rc8 23. Qd2 Qb7 24. Nf5 Bxb4 $17) 20... exf3 $2 {Hracek was
unlucky to choose this line against the player, who had recently had his own
bitter experience on the black side of the board in the very same position.} (
20... g6 $5 21. Ne3 exf3 22. Bc4 Nf6 23. Rhe1 f2 24. Qxf2 Ne4 25. Bxe5 Nxf2 26.
Bxc7 Nxd1 27. Nd5+ Kd7 {1/2-1/2 Kovchan,A-Kulaots,K/Kharkov 2003/ (51)}) 21.
Bc4 $1 Rd8 (21... g6 22. Bxf7+ Kxf7 23. Qxd7+ Qxd7 24. Rxd7+ Kg8 (24... Ke6 25.
Rxb7 gxf5 26. Rb6+ Kf7 27. Bxe5 Rg8 28. gxf5 $18) 25. Rxb7 gxf5 26. gxf5 Rh7
27. Rxh7 Kxh7 28. Bxe5 Bxb4 29. c3 Re8 30. Bd4 Bxa5 31. Rf1 $16) 22. Rhe1 Be7 (
22... f6 23. Qd3 Bxb4 24. Nd6+ Kf8 (24... Ke7 25. Qg6 Rdf8 26. Qxg7+ Kd8 27.
Nf7+ Rxf7 28. Bxf7 $16) 25. Nxb7 Qxb7 26. Rxe5 $3 fxe5 (26... Qc8 27. Re6 Be7
28. Bd6 Re8 29. Qd5 $18) 27. Qf5+ Nf6 28. Rxd8+ Ke7 29. Rd3 $18) (22... g6 23.
Bxe5 Nxe5 24. Qxd8+ Qxd8 25. Rxe5+ Be7 26. Rxd8+ Kxd8 27. Rxe7 $18) (22... Qxc4
23. Rxe5+ $18) 23. Qc3 $1 {[%mdl 128] The game is over as white has clearly
achieved too much in preparation of the final attack.} Kf8 (23... Rc8 24. Bxe5
Qxc4 25. Nd6+ Bxd6 26. Bxd6+ Kd8 27. Be7+ Ke8 28. Bc5+ $18) 24. Nxe7 Kxe7 25.
Bxe5 Nxe5 (25... Qc6 26. Bd6#) 26. Qxe5+ Qxe5 27. Rxe5+ Kf6 (27... Kf8 28.
Rxd8#) 28. Rf5+ Kg6 (28... Ke7 29. Rxf7+ Ke8 30. Re1+ Be4 31. Rxe4#) 29. Bd3 h5
(29... Rxd3 30. Rxd3 f6 31. h5+ Kh7 32. Rd4 $18) 30. Rd5+ (30. Rd5+ f5 (30...
Kf6 31. g5+ Ke6 32. Bf5+ Ke7 33. Re1+ Kf8 34. Rxd8#) 31. Bxf5+ Kf7 32. Rxd8 $18
) 1-0

[Event "Moscow Aeroflot op"]
[Site "Moscow"]
[Date "2002.02.06"]
[Round "3"]
[White "Yagupov, Igor"]
[Black "Korobov, Anton"]
[Result "1-0"]
[WhiteElo "2466"]
[BlackElo "2511"]
[Annotator "Ftacnik,L"]
[PlyCount "63"]
[EventDate "2002.02.04"]
[EventType "swiss"]
[EventRounds "9"]
[EventCountry "RUS"]
[SourceTitle "CBM 088"]
[Source "ChessBase"]
[SourceDate "2002.03.21"]
[SourceVersion "1"]
[SourceVersionDate "2002.03.21"]
[SourceQuality "1"]

1. e4 c5 2. Nf3 d6 3. d4 cxd4 4. Nxd4 Nf6 5. Nc3 a6 6. Be3 e6 7. f3 b5 8. g4 h6
9. Qd2 Bb7 10. O-O-O Nbd7 11. h4 b4 12. Na4 Qa5 13. b3 Nc5 14. a3 Rc8 15. axb4
Nxb3+ 16. Nxb3 Qxa4 17. Kb2 d5 18. c3 dxe4 19. Ra1 Qd7 (19... Qc6 $2 20. Na5
Qc7 21. Nxb7 Qxb7 22. Bxa6 $18) 20. Qxd7+ Nxd7 $6 {The crucial moment of the
opening fight, black would have done much better to opt for the courageous 20..
Kxd7!?'} (20... Kxd7 $5 21. Rd1+ (21. Na5 Bd5 22. Bxa6 exf3 $1 (22... Ra8 23.
Bb5+ Kc7 24. g5 hxg5 25. hxg5 Rxh1 26. Rxh1 Nd7 27. Bf4+ $14) 23. Bxc8+ Kxc8
24. g5 Ng4 25. Bb6 f2 $13) 21... Kc7 (21... Ke8 22. Na5 Bd5 23. Bxa6 $16) 22.
Bf4+ Kb6 23. Be3+ {0,5 Khalifman,A-Gelfand,B/Wijk/2002/}) 21. Na5 Bd5 (21...
Ba8 22. Bxa6 Rd8 (22... Rb8 23. fxe4 h5 24. g5 Bxe4 25. Rhe1 $16) 23. Bb5 Be7
24. Rhd1 Bxh4 25. Nc6 Bxc6 26. Bxc6 e5 27. Bb6 {1-0 Motylev,A-Parligras,C/
Eforie Nord 2000/ (27)}) 22. Bxa6 Rb8 23. fxe4 Bxe4 24. Rhe1 Bf3 (24... Bd5 25.
Bf4 Rb6 26. Bc4 Nc5 27. Red1 {1-0 Vorobiov,E-Paramonov,D/St Petersburg 2001/ 
(38)}) 25. Bf4 {The whole line with 20...Nxd7?! seems to be rotten for black,
white is ahead in the development and creates very unpleasant threats.} Rb6 (
25... Rd8 $5 26. Nc4 Bc6 27. Bc7 Ra8 28. Bb5 $1 Rxa1 (28... Rc8 29. Bxc6 Rxc7
30. Ne5 $18) 29. Rxa1 Bxb5 30. Ra8+ Ke7 31. Bd8+ Ke8 32. Bf6+ Nb8 33. Rxb8+ Kd7
34. Bxg7 Bxg7 35. Rxb5 $18) 26. Nc4 Rxa6 (26... Rc6 27. Bb5 $18) 27. Rxa6 g5
28. Nd6+ (28. hxg5 hxg5 29. Bxg5 Rg8 30. Ne5 Rxg5 31. Nxf3 Rxg4 32. Rd1 Rf4 33.
Ra8+ Ke7 34. Ra7 Rxf3 35. Rdxd7+ Ke8 36. Rdb7 $18) 28... Bxd6 (28... Ke7 29.
hxg5 hxg5 30. Bxg5+ f6 31. Bf4 Bxg4 32. c4 e5 33. c5 $18) 29. Bxd6 Rg8 {
Black keeps hoping in the misserable position.} (29... gxh4 30. Rea1 $1 Nf8 31.
Ra8+ Bxa8 32. Rxa8+ Kd7 33. Bxf8 h3 34. Ra7+ Kc6 35. Bc5 $18) 30. h5 Nf6 31.
Ra7 Bxg4 (31... Nxg4 32. Rf1 Bd5 33. Rfxf7 $18) 32. Be5 1-0

[Event "BIH-chT"]
[Site "Neum"]
[Date "2004.05.30"]
[Round "2.2"]
[White "Ivanisevic, Ivan"]
[Black "Kosic, Dragan"]
[Result "0-1"]
[WhiteElo "2550"]
[BlackElo "2501"]
[Annotator "Ftacnik,L"]
[PlyCount "60"]
[EventDate "2004.05.29"]
[EventType "team"]
[EventRounds "9"]
[EventCountry "BIH"]
[SourceTitle "CBM 102"]
[Source "ChessBase"]
[SourceDate "2004.09.23"]
[SourceVersion "1"]
[SourceVersionDate "2004.09.23"]
[SourceQuality "1"]
[WhiteTeam "Sokolac"]
[BlackTeam "Sarajevo Napredak"]
[WhiteTeamCountry "BIH"]
[BlackTeamCountry "BIH"]

1. d4 e6 2. Nf3 c5 3. e4 cxd4 4. Nxd4 Nf6 5. Nc3 d6 6. Be3 a6 7. f3 b5 8. g4 b4
9. Nce2 Bb7 10. Qd2 d5 11. g5 (11. e5 Nfd7 12. f4 Nc5 (12... Nb6 13. b3 N8d7
14. Ng3 Qc7 15. Bg2 Rc8 16. O-O Bc5 17. Rac1 O-O 18. Kh1 Qb8 19. Qf2 a5 20. Nh5
Ba6 21. Rg1 {1-0 Koscielski,J-Naiditsch,I/Senden 1999/ (72)}) 13. Ng3 Nbd7 (
13... Nc6 14. O-O-O Nxd4 15. Bxd4 Rc8 16. Kb1 Qa5 17. b3 Be7 18. h4 Ne4 19.
Nxe4 dxe4 20. Bg2 O-O 21. Qe3 Rxc2 22. Kxc2 Qxa2+ {0-1 Varga,Z-Bakalar,P/Halle
1987/ (22)}) 14. Bg2 Be7 15. O-O a5 16. Rae1 O-O 17. Kh1 f6 18. exf6 Nxf6 19.
Qd1 Rc8 20. g5 Nfe4 {0-1 Aseev,K-Yudasin,L/Leningrad 1984/ (48)}) 11... Nfd7 (
11... Nh5 12. Bh3 dxe4 13. fxe4 Bxe4 14. Rf1 g6 15. O-O-O Be7 16. Ng3 Nxg3 17.
hxg3 Qc7 18. Bxe6 Rf8 19. Bf4 Qb7 20. Bxb8 Rxb8 21. Bb3 {1-0 Blehm,P-Petkevich,
J/Cappelle la Grande 1995/ (26)}) 12. exd5 (12. Ng3 e5 13. Ndf5 d4 14. Bf2 g6
15. Nh6 Bxh6 16. gxh6 Nc6 17. Bc4 Qf6 18. O-O Nb6 19. Bd5 O-O 20. Bxc6 Qxc6 {
0-1 Vasquez,R-Florez,C/Barranquilla 1995/ (75)}) 12... Bxd5 13. Nf4 Bb7 {
The retreat of the bishop must be correct, since it is a vital piece for the
control of the center.} (13... Ne5 14. Nxd5 Qxd5 15. b3 Nbc6 16. O-O-O Be7 17.
Bg2 Qa5 18. Nxc6 Qxa2 19. Qd4 Rc8 20. Qxe5 f6 21. Qa5 {1-0 Penttila,
T-Vehkalahti,V/Lahti 2002/ (31)}) 14. O-O-O (14. Nd3 e5 15. Nf5 g6 (15... Bxf3
16. Bg2 $14) 16. Ng3 h6 17. gxh6 Qh4 $11) 14... Nc5 (14... e5 $2 15. Nf5 exf4
16. Bxf4 Qa5 17. Bh3 $18) 15. Bc4 Nc6 (15... e5 $2 16. Rhe1 exf4 17. Bxf4+ Be7
18. Rxe7+ Qxe7 19. Nf5 $18) 16. Qe2 Qc7 (16... Nxd4 17. Rxd4 (17. Bxd4 Qc7 (
17... Qxg5 $2 18. Bb5+ $1 Ke7 (18... axb5 19. Qxb5+ Ke7 20. Bxc5+ Kf6 21. Bd4+
e5 22. Be3 exf4 23. Qxb7 fxe3 24. Qc6+ $18) 19. Bxc5+ Qxc5 20. Rd7+ Kf6 21.
Rxf7+ $18) 18. Nh5 $14)) 17. Ndxe6 $2 {In the Sicilian opening crushing of the
e6 square is always critical for black, but not necessarily at a cost of a
piece. Simple 17.Nxc6! was promissing serious advantage.} (17. Nxc6 $1 Bxc6 18.
Kb1 Qb7 19. Rhf1 $16) 17... fxe6 18. Nxe6 Nxe6 19. Bxe6 Bd6 $1 (19... Be7 20.
Qc4 Rd8 21. Bg8 Bd6 (21... Rxd1+ 22. Rxd1 Bd6 23. Qe6+ Qe7 24. Rxd6 $18) 22.
Bb6 Qe7 23. Rhe1 $18) 20. g6 (20. Qc4 Ne5 $19) (20. Bd5 O-O-O 21. Rhe1 Rhe8 $17
) 20... Ne5 $1 {Kosic plays the best defensive moves, while Ivanisevic seems a
bit confused.} 21. Bd4 $6 (21. Bd5 Bxd5 (21... O-O-O 22. Bg5 Rde8 23. Qe4 Bxd5
24. Qxd5 h6 25. Bh4 Nc4 $17) 22. Rxd5 Nxg6 23. Rxd6 Qxd6 24. Bc5+ Qe5 25. Qxe5+
Nxe5 26. Re1 Kf7 27. Rxe5 Rhe8 $17) 21... Bxf3 22. Bf7+ (22. Bxe5 Bxe2 23. Bxd6
(23. Rxd6 Qc5 24. Bf7+ Kf8 25. Re6 Rd8 $19) 23... Qc6 24. Rhe1 Bxd1 25. Bd5+
Kd7 26. Bxc6+ Kxc6 27. Rxd1 Rad8 $17) 22... Ke7 23. Qe3 Bxd1 (23... Bxh1 24.
Rxh1 hxg6 25. Bxg6 Rh6 26. Qg5+ Kf8 27. Be4 Rc8 $19) 24. Qg5+ $6 (24. Rxd1 hxg6
25. Bxg6 Rh6 (25... Raf8 26. Re1 Ke6 27. Qb3+ Kd7 28. Bxe5 Bxe5 29. Qd5+ Qd6
30. Qb7+ $36) 26. Bb6 Qc4 27. Qg5+ Kf8 28. Rxd6 Nxg6 29. Bc5 Kg8 $19) 24... Kf8
25. Rxd1 Nxg6 26. Qg2 (26. Bxg6 $2 Bf4+ $19) 26... Kxf7 {Now black simply has
a spare rook and light piece.} 27. Qd5+ Ke7 28. Qg5+ (28. Re1+ Kd7 29. Qe6+ Kd8
30. Rd1 Qe7 31. Bb6+ Ke8 $19) 28... Ke8 29. Re1+ Be7 30. Bxg7 Kd8 $4 {This
move might be incorrectly inputed in database, since it is a horrible blunder
and white resignes!} (30... Kd8 $4 31. Qd5+ Ke8 32. Qxa8+ Qd8 33. Qc6+ Qd7 34.
Rxe7+ Kxe7 35. Bf6+ Ke8 36. Qa8+ Kf7 37. Bxh8 Nxh8 38. Qxh8 Qf5 $11) (30... Kf7
31. Rxe7+ Qxe7 $19) (30... Rg8 31. Qd5 Rxg7 32. Qxa8+ Kf7 33. Qd5+ Kf8 34. Qa8+
Bd8 $19) 0-1

[Event "FIDE World Cup"]
[Site "Khanty-Mansiysk"]
[Date "2005.12.03"]
[Round "3.1"]
[White "Ponomariov, Ruslan"]
[Black "Xu, Jun"]
[Result "1-0"]
[WhiteElo "2704"]
[BlackElo "2582"]
[Annotator "Ftacnik,L"]
[PlyCount "77"]
[EventDate "2005.11.27"]
[EventType "k.o."]
[EventRounds "7"]
[EventCountry "RUS"]
[SourceTitle "CBM 111"]
[Source "ChessBase"]
[SourceDate "2006.04.04"]
[SourceVersion "1"]
[SourceVersionDate "2006.04.04"]
[SourceQuality "1"]

1. e4 c5 2. Nf3 e6 3. d4 cxd4 4. Nxd4 Nc6 5. Nc3 d6 6. Be3 Nf6 7. Qd2 Be7 8. f3
O-O 9. O-O-O d5 10. Qe1 $5 e5 11. Nxc6 bxc6 12. exd5 Nxd5 13. Bc4 Be6 14. Bf2
Qc7 {[%mdl 4] The whole line is rather important for the future of 9...d5 line,
since 10.Qe1!? seems to be the most challenging white's response.} (14... Rb8
15. Bb3 a5 16. Na4 Qc7 17. Bc5 Rfe8 18. h4 Rb5 19. Bxe7 Nxe7 20. Bxe6 fxe6 21.
h5 {1-0 De la Riva Aguado,O (2425)-Semprun Martinez,F/San Sebastian 1995 (41)})
15. Ne4 (15. Bxd5 cxd5 16. Bg3 f6 17. Nxd5 Bxd5 18. Rxd5 Qc4 19. Qd2 Bb4 20. c3
Qxa2 21. Re1 Rfc8 22. Rd7 Bxc3 23. bxc3 Qa1+ 24. Kc2 Qa4+ 25. Kc1 {1-0 Wang
Hao (2519)-Xu Jun (2582)/Hyderabad 2005 (39)}) 15... Rfd8 {Aseev has managed
to find a more promissing plan with advance of the a pawn.} (15... f6 $5 16. h4
a5 17. a4 Rfb8 18. Rd3 Rb4 19. Bb3 Bf7 20. g3 Rab8 21. Qd2 Qb7 22. Kd1 h6 23.
Bc5 Bxc5 24. Nxc5 Qa7 $17 {1/2-1/2 Bezgodov,A (2576)-Aseev,K (2517)/Samara
2000 (78)}) 16. Nc5 Bxc5 17. Bxc5 Nf4 18. Bxe6 Nxe6 19. Rxd8+ Rxd8 20. Be3 c5
21. Qe2 c4 22. Rd1 Rxd1+ 23. Kxd1 (23. Qxd1 Qc6 24. Bxa7 Qa4 25. Be3 Qxa2 26.
Qd5 Qa1+ 27. Kd2 Qxb2 28. Qa8+ Nf8 29. Bc5 c3+ 30. Ke3 Qc1+ 31. Kd3 Qd2+ 32.
Kc4 h6 33. Qxf8+ Kh7 34. Kb3 {1-0 Motylev,A (2552)-Aseev,K (2517)/Samara 2000 
(43)}) 23... e4 {Xu Jun is right in beeing worried about his chances of
survival. White has the bishop and assymetry of the pawns thus plays into his
hands.} (23... c3 24. b3 Kf8 25. Qc4 (25. Qa6 Nf4 26. g3 Qd7+ 27. Kc1 Nd5 28.
Qxa7 Qxa7 29. Bxa7 $16) 25... Qxc4 26. bxc4 a6 27. Ke2 Ke7 28. Kd3 $14) 24. h3
(24. fxe4 Qxh2 25. Bxa7 Qd6+ 26. Qd2 Qh2 $11) 24... c3 (24... Qd8+ 25. Kc1 exf3
26. Qxf3 h6 27. c3 $14) 25. b3 (25. bxc3 exf3 26. Qxf3 Qxc3 27. Qa8+ Nf8 28.
Qxa7 Qc6 29. Bc5 $14) 25... exf3 (25... Qd6+ 26. Ke1 (26. Kc1 Qa3+ 27. Kd1 Qd6+
) 26... exf3 27. Qxf3 h6 $14) 26. Qxf3 h6 (26... Qd6+ 27. Ke1 h6 $14) 27. Qa8+
Kh7 28. Qe4+ Kg8 29. Ke2 Qa5 (29... Qd6 30. a4 a6 31. b4 $14) 30. a4 Qh5+ $6 {
Defense is becoming more difficult by the day since white king has planned the
advance towards black c3 pawn. The bishop is fully dominating black's knight.}
(30... g5 31. Kd3 Nc5+ 32. Bxc5 Qxc5 33. b4 $16) 31. Kd3 Qa5 32. Qc6 (32. Qa8+
Kh7 33. Qxa7 Qd5+ 34. Kxc3 Qxg2 35. b4 $18) 32... Kh7 33. Kc4 a6 34. Qd6 Qh5 (
34... Kg8 35. g4 $16) 35. Kxc3 a5 36. Kd2 g6 37. Kc1 Qf5 38. Qd2 h5 39. Qf2 $1
1-0

[Event "BCF-ch 89th"]
[Site "Torquay"]
[Date "2002.07.31"]
[Round "3"]
[White "Haslinger, Stewart"]
[Black "Gormally, Daniel"]
[Result "1-0"]
[WhiteElo "2310"]
[BlackElo "2525"]
[Annotator "Ftacnik,L"]
[PlyCount "87"]
[EventDate "2002.07.29"]
[EventType "swiss"]
[EventRounds "11"]
[EventCountry "ENG"]
[SourceTitle "CBM 091"]
[Source "ChessBase"]
[SourceDate "2002.11.12"]
[SourceVersion "1"]
[SourceVersionDate "2002.11.12"]
[SourceQuality "1"]

1. e4 c5 2. Nf3 d6 3. d4 cxd4 4. Nxd4 Nf6 5. Nc3 a6 6. f3 e6 7. Be3 b5 8. g4 h6
9. Qd2 Nbd7 10. O-O-O Bb7 11. h4 b4 12. Na4 Qa5 13. b3 Nc5 14. a3 Rc8 15. axb4
Nxb3+ 16. Nxb3 Qxa4 17. Kb2 d5 18. c3 dxe4 19. Ra1 Qd7 20. Qxd7+ Nxd7 $6 {
Surprisingly enough very few players are aware, that 20...Kxd7 is much
stronger move.} (20... Kxd7 21. Rd1+ Kc7 22. Bf4+ Kb6 23. Be3+ {1/2-1/2
Khalifman,A-Gelfand,B/Wijk aan Zee 2002/ (23)}) 21. Na5 Bd5 (21... Ba8 22. Bxa6
Rd8 23. Bb5 Be7 24. Rhd1 Bxh4 25. Nc6 Bxc6 26. Bxc6 e5 27. Bb6 {1-0 Motylev,
A-Parligras,C/Eforie Nord 2000/ (27)}) 22. Bxa6 Rb8 (22... Ra8 23. Bb5 exf3 24.
c4 Bxb4 25. cxd5 Rxa5 26. Rxa5 Bxa5 27. dxe6 fxe6 28. Rd1 O-O 29. Bxd7 f2 30.
Bxe6+ Kh8 31. Bc4 {1-0 Shahade,G-Sarkar,J/New York 2002/ (36)}) 23. fxe4 Bxe4
24. Rhe1 Bd5 (24... Bf3 25. Bf4 Rb6 26. Nc4 Rxa6 27. Rxa6 g5 28. Nd6+ Bxd6 29.
Bxd6 Rg8 30. h5 Nf6 31. Ra7 Bxg4 32. Be5 {1-0 Yagupov,I-Korobov,A/Moscow 2002/
(32)}) 25. Bf4 Rb6 26. Bc4 Bf3 (26... Nc5 27. Red1 Bf3 28. Rd4 e5 29. Bxe5 Ne6
30. Rd2 Be7 31. Rf1 Bxg4 32. Bxg7 Rg8 33. Bd4 {1-0 Vorobiov,E-Paramonov,D/St
Petersburg 2001/ (38)}) (26... Bxc4 27. Nxc4 Rc6 28. Ra8+ Ke7 29. Na5 Rb6 30.
Bc7 Rb5 31. Rd1 $18) 27. Bc7 $1 {[%mdl 1024] This move effectively finishes
the fight, since white's material advantage will be overwhelming.} Rxb4+ (27...
Rd6 28. Bxd6 Bxd6 29. Bxe6 Ne5 30. Nc4 $18) 28. cxb4 Bxb4 29. Re3 Bg2 (29...
Bxg4 30. Nc6 Bc5 31. Rd3 O-O 32. Rxd7 $18) 30. Rb3 Be7 31. Rd1 Bxh4 (31... Be4
32. Bb5 Bd5 33. Re3 O-O 34. Bxd7 $18) 32. Rbd3 (32. Bb5 Bf6+ 33. Ka2 Bd5 34.
Rxd5 exd5 35. Re3+ Kf8 36. Bxd7 $18) 32... Bf6+ 33. Ka2 O-O (33... Nc5 34. Bb5+
Kf8 35. Rd8+ Bxd8 36. Rxd8+ Ke7 37. Rxh8 $18) 34. Rxd7 {The rook and extra
piece are way too strong for the compensation of three black pawns.} Bf3 35.
Rg1 Ra8 36. Kb3 Ra7 37. Bb5 Bd5+ 38. Kc2 (38. Kb4 Bg5 39. Nc4 $18) 38... Be4+
39. Kd2 Bg5+ (39... Kh7 40. Rxf7 Be5 41. Rc1 Bg6 42. Rd7 Be8 43. Bd3+ Kg8 44.
Rd8 Bxc7 45. Rxe8+ Kf7 46. Rf1+ Kxe8 47. Bb5+ Kd8 48. Nc6+ $18) 40. Ke2 Ra8 41.
Rf1 Bg6 42. Bc6 Rf8 43. Nc4 f6 44. Nd6 1-0